| 000 | 00403nam a22001457a 4500 | ||
|---|---|---|---|
| 082 |
_a355.02 _bCLA _cL-30, P-40 |
||
| 100 |
_aClausewitz, Carl Won _948978 |
||
| 245 |
_aPrinciples of war _cClausewitz, Carl Won |
||
| 260 |
_aPenna _bThe stackpole Co. _c1960 |
||
| 300 |
_a82 P.: _bIll,: _c15cm |
||
| 526 |
_a0 _b0 _c0 _d355_020000000000000_CLA |
||
| 650 |
_aMCE _9379 |
||
| 650 |
_aMCE _9379 |
||
| 942 |
_2ddc _cBK |
||
| 999 |
_c551820 _d551820 |
||